000 00297nam a22001337a 4500
003 SGT
020 _a9788184877861
082 _a621.381,PRA
100 _aPRATIHAR, DILIP
245 _aFUNDAMENTALS OF ROBOTICS & AI
260 _aNEW DELHI
_bNAROSA PUB.
_c2024
300 _a193
942 _2ddc
_cBK
999 _c28160
_d28160